Szczegóły MARC21

GmbH-Reform : Erleichterte Gründung, Gläubigerschutz, Insolvenzprophylaxe /

005 -DATA I CZAS OSTATNIEJ MODYFIKACJI [,]
    • @
    • pole kontrolne
    • 20120918121034.0
020 -Międzynarod. znormalizowany nr książki - ISBN [ , ]
    • a
    • Numer ISBN
    • 9783707313284 Find
040 -Instytucja sporządzająca opis [ , ]
    • a
    • Instytucja, która sporządziła opis (NP)
    • SZCZ U/DL
    • c
    • Instytucja, która sporządziła rekord (NP)
    • SZCZ U/DL
    • d
    • Instytucja, która zmodyfikowała rekord (P)
    • SZCZ U/JŚ
041 -Język dokumentu [0, ]
    • a
    • Język tekstu (P)
    • niemiecki
044 -Kraj miejsca wydania [ , ]
    • a
    • Kraj miejsca wydania
    • Austria
942 -Rodzaj dokumentu [ , ]
    • c
    • Rodzaj dokumentu
    • Książka
245 -Strefa tytułu i oznaczenia odpowiedzialności [0,0]
    • a
    • Tytuł
    • GmbH-Reform : Find
    • b
    • Ciąg dalszy tytułu (NP)
    • Erleichterte Gründung, Gläubigerschutz, Insolvenzprophylaxe / Find
    • c
    • Pozostałe elementy strefy tytułu i oznaczenia odpowiedzialności (NP)
    • hrsg. von Thomas Bachner.
260 -Strefa adresu wydawniczego [ , ]
    • a
    • Miejsce wydania (P)
    • Wien :
    • b
    • Nazwa wydawcy (P)
    • Linde Verlag,
    • c
    • Data wydania (P)
    • cop. 2008.
300 -Strefa opisu fizycznego [ , ]
    • a
    • Określenie formy książki i/lub objętość (NP)
    • 153 s. :
    • b
    • Oznaczenie ilustracji (NP)
    • il. ;
    • c
    • Format (NP)
    • 22 cm.
490 -Strefa serii i książki wielotomowej - forma nie do wyszukiwania [1, ]
    • a
    • Tytuł (P)
    • Fachbuch Recht Find
830 -Hasło dodatkowe serii i opisu książki wielotomowej - tytuł ujednolicony/tytuł [ ,0]
    • 9
    • KHW
    • 46332
    • a
    • Tytuł ujednolicony/tytuł (NP)
    • Fachbuch Recht
080 -Uniwersalna Klasyfikacja Dziesiętna [ , ]
    • 2
    • Identyfikator wydania tablic
    • UDC-P058
    • 9
    • UKD
    • 5616
    • a
    • Symbol klasyfikacji
    • 658.114.4
    • b
    • Dopowiedzenie
    • Spółki z ograniczoną odpowiedzialnością. Spółki akcyjne.
    • 4
    • UKD2
    • 7885
    • x
    • Poddział wspólny
    • (430)
    • c
    • Dopowiedzenie poddz. wspólnego
    • (Niemcy. Republika Federalna od 1990).
    • 4
    • UKD2
    • 7631
    • x
    • Poddział wspólny
    • =112.2
    • c
    • Dopowiedzenie poddz. wspólnego
    • =Język niemiecki (wysokoniemiecki, standardowy niemiecki).
080 -Uniwersalna Klasyfikacja Dziesiętna [ , ]
    • 2
    • Identyfikator wydania tablic
    • UDC-P058
    • 9
    • UKD
    • 3554
    • a
    • Symbol klasyfikacji
    • 347.724
    • b
    • Dopowiedzenie
    • Spółki z ograniczoną odpowiedzialnością. Spółki z o.o.
    • 4
    • UKD2
    • 7885
    • x
    • Poddział wspólny
    • (430)
    • c
    • Dopowiedzenie poddz. wspólnego
    • (Niemcy. Republika Federalna od 1990).
    • 4
    • UKD2
    • 7631
    • x
    • Poddział wspólny
    • =112.2
    • c
    • Dopowiedzenie poddz. wspólnego
    • =Język niemiecki (wysokoniemiecki, standardowy niemiecki).
980 -Symbol UKD [ , ]
    • a
    • UKD
    • 658.114.4:347.724](430)=112.2
700 -Hasło dodatkowe - nazwa osobowa [1, ]
    • 9
    • KHW
    • 46154
    • a
    • Nazwa osobowa (NP)
    • Bachner, Thomas. Find
    • e
    • Określenie rodzaju współpracy
    • Red.
920 -ISBN [ , ]
    • a
    • ISBN
    • 978-3-7073-1328-4 Find
Sygnatura Numer inwentarzowy Status udost. Lokalizacja Data inwentaryzacji
T.12269T.12269-2T2012-09-06